01608nam a2200289 ia450000500170000000800410001702000390005804000270009708200140012410000350013824500840017326400710025726400110032830000690033933600210040833700250042933800230045449000250047750000200050252006070052252100200112965000390114965000440118870000270123270000330125983000260129220260209155433.0260209t20242024enkoa br 001 0 eng d a9781788564458cRM60.70qpaperback  aPPAK bengcPPAK erda04223a177.71 aGallagher, Belinda, eauthor. 10aHelping Others / cBy Belinda Gallagher ; Editors: Ruth Owen & Mark J. Sachner  1aTunbridge Wells, Kent, England : bRuby Tuesday Books Ltd., c2024 4c©2024 a32 pages : bcolour photographs, colour illustrations ; c28 cm  atext2rdacontent aunmediated2rdamedia avolume2rdacarrier1 aEVERY ACTION COUNTS! aIncludes index. aThis book will give kids the help and inspiration they need to become good and caring young citizens that help people in their community. The book is packed with both long-term and short-term activities and ideas, such as how to have a yard sale to raise funds for a local charity, or how to take the 5 smiles a day challenge to bring happiness into the lives of people in your neighbourhood. With lots of focus on what it means to be a good citizen and advice for keeping safe, readers will learn more about their community, and become respectful, compassionate, responsible, and helpful young people. a7 – 10 years.10aHelpfulness vJuvenile literature 20aHelping behavior vJuvenile literature 1 aOwen, Ruth, eeditor. 1 aSachner, Mark J., eeditor.  0aEvery action counts!